[Event "52nd Iran-ch Men Final 2019"]
[Site "Bushehr"]
[Date "2019.01.29"]
[Round "6"]
[White "Gholami Orimi, Mahdi"]
[Black "Khodashenas, Mersad"]
[Result "1/2-1/2"]
[WhiteElo "2377"]
[BlackElo "2455"]
[Annotator "TA"]
[PlyCount "118"]
[EventDate "2019.01.24"]
[EventType "tourn"]
[EventCountry "IRI"]
[SourceTitle "playchess.com"]
[Source "ChessBase"]
[SourceQuality "1"]

{[%evp 17,118,0,32,0,0,0,0,0,0,0,1,7,16,-45,-47,-55,-56,-56,-52,-59,-50,-69,-53,-73,-59,-78,-52,-106,-101,-131,-140,-116,-90,-220,-167,-168,-127,-242,-66,-70,-5,-5,-5,-6,-8,-8,0,0,0,-70,23,23,21,23,21,16,16,19,18,5,12,12,8,9,12,0,0,0,0,0,0,0,0,0,0,0,0,0,0,0,0,0,0,0,0,0,0,0,0,0,0,0,0,0,0,0,0,0,0,0,0,0,0]} 1. d4 Nf6 2. c4 e6 3. Nc3 Bb4 4. Qc2 Nc6 5. Nf3 d6 6. a3 Bxc3+ 7. Qxc3 a5 8. b3 O-O 9. e3 Qe7 {LiveBook: 4 Games. E33: Nimzo-Indian: Classical: 4...Nc6} (9... Re8 10. Bb2 e5 11. dxe5 dxe5 12. Be2 Bg4 13. h3 Bh5 14. O-O Ne4 15. Qc2 Bg6 16. Rfd1 Qe7 17. Bd3 Nxf2 18. Kxf2 {0-1 (71) Indjic,A (2589)-Fedoseev,V (2684) Karlsruhe 2017}) 10. Bd3 e5 11. dxe5 dxe5 12. Nd2 $146 ({Predecessor:} 12. Bc2 Bg4 13. h3 Bh5 14. Nh4 Nd4 15. Bd3 Ne4 16. Bxe4 Qxh4 {0-1 (23) Mathews,T (1737)-Pitre,F (2007) Montreal 2000}) 12... Bg4 13. O-O Rfd8 14. f3 Bh5 15. Rf2 ({White should try} 15. Ne4 $1 $11) 15... Bg6 $15 16. e4 Nd7 {[%cal Bf6d7,Bd7c5,Bc5d3][%mdl 32]} 17. Nf1 Nc5 18. Bc2 $1 Nd4 19. Rb1 Nxc2 20. Qxc2 Nd3 21. Re2 f5 22. exf5 (22. Ng3 $15) 22... Bxf5 $17 {White must now prevent ...Nf4.} 23. Re3 Bg6 24. Ra1 Qh4 {Threatens to win with ...a4!} 25. Qa2 (25. Bb2 $17) 25... Rd7 26. Re2 Rf8 27. Ng3 {[#]} (27. Be3 $17 {was worth a try.}) 27... e4 $1 {[%mdl 512]} 28. Nxe4 $15 (28. fxe4 Ne5) 28... Bxe4 (28... h6 $15) 29. Rxe4 $11 Re7 30. Rxe7 Qxe7 {[%cal Re7e1]} 31. Qd2 $132 {[%mdl 2048] White is not keeping still} Qf6 32. Rb1 Qg6 33. Bb2 ({Of course not} 33. Qxa5 Re8 $17) ({Better is} 33. Qg5 $11) 33... Qb6+ (33... Rxf3 $1 $15 34. Bd4 {[#]} Nc5 $1 {[%mdl 512]}) 34. Kf1 Qxb3 35. Qc3 Qxc3 36. Bxc3 {[%mdl 4096] Endgame KRB-KRN. The position is equal.} b6 37. Rd1 Nc5 38. Rd5 Rf4 39. Be5 Rxc4 40. Bxc7 Rc1+ 41. Kf2 Nd3+ 42. Rxd3 (42. Ke2 {seems wilder.} Rxc7 43. Kxd3 Rc1 44. Rd8+ Kf7 45. Rd7+) 42... Rxc7 {KR-KR} 43. Rd8+ Kf7 44. Rb8 Rc2+ 45. Kg3 Rb2 46. Rb7+ Kf6 47. h4 h6 {[%cal Bh7h6,Bh6h5,Bh5h4,Bh4h3,Bh3h2][%mdl 32]} 48. h5 g6 49. hxg6 Kxg6 50. Kf4 h5 51. g3 {[%cal Bg2g3,Bg3g4][%mdl 32]} Rb3 52. Rb8 b5 53. g4 h4 54. g5 b4 55. Kg4 h3 {Hoping for ...h2.} 56. f4 {[%cal Bf3f4,Bf4f5][%mdl 32] And now Rb7 would win.} h2 ({Not} 56... Rxa3 $2 57. Rb7 $18) 57. f5+ Kf7 58. Rb7+ Kg8 59. Rb8+ Kf7 {Precision: White = 55%, Black = 63%.} 1/2-1/2

[Event "52nd Iran-ch Men Final 2019"]
[Site "Bushehr"]
[Date "2019.01.29"]
[Round "6"]
[White "Daghli, Arash"]
[Black "Darini, Pouria"]
[Result "0-1"]
[WhiteElo "2366"]
[BlackElo "2475"]
[Annotator "TA"]
[PlyCount "100"]
[EventDate "2019.01.24"]
[EventType "tourn"]
[EventCountry "IRI"]
[SourceTitle "playchess.com"]
[Source "ChessBase"]
[SourceQuality "1"]

{[%evp 19,100,18,20,25,33,33,33,30,39,33,31,30,16,31,25,12,46,10,24,10,14,8,6,0,0,0,0,-12,-1,-5,0,0,1,0,0,0,3,0,0,-9,-11,-9,0,-35,-21,-300,-300,-314,-313,-309,-302,-314,-311,-281,-305,-303,-290,-320,-321,-304,-314,-286,-265,-441,-445,-435,-427,-391,-337,-334,-334,-317,-301,-270,-229,-345,-353,-479,-439,-634,-600,-696,-679]} 1. e4 c5 2. c3 ({Predecessor:} 2. Nf3 e6 3. c3 Nf6 4. e5 Nd5 5. d4 cxd4 6. cxd4 d6 7. Bc4 {½-½ (19) Laurent,B (2376)-Rausis,I (2524) Charleroi 2007}) 2... Nf6 3. e5 Nd5 4. d4 $146 (4. Nf3 e6 5. d4 cxd4 6. cxd4 d6 7. Bc4 Be7 8. O-O O-O 9. Qe2 {½-½ (32) Nisipeanu,L (2672)-Grischuk,A (2785) Heraklio 2017}) 4... cxd4 5. cxd4 d6 6. Nf3 Nc6 7. Bc4 e6 8. O-O Be7 9. Qe2 O-O 10. Rd1 Na5 11. b3 {B22: Sicilian: 2 c3} (11. Bxd5 exd5 12. Nc3 Be6 13. Bf4 a6 14. h3 Re8 15. exd6 Bxd6 16. Bxd6 Qxd6 17. Qe5 Nc4 18. Qxd6 Nxd6 {½-½ (32) Nisipeanu,L (2672)-Grischuk,A (2785) Heraklio 2017}) 11... b6 12. Bxd5 exd5 13. Nc3 {White is slightly better.} Be6 14. Ba3 a6 15. Rac1 Re8 16. h3 h6 17. Qd2 ({Predecessor:} 17. exd6 Bxd6 18. Bxd6 Qxd6 19. Qe5 {½-½ (19) Laurent,B (2376)-Rausis,I (2524) Charleroi 2007}) 17... Bf8 18. Re1 Rc8 19. exd6 Bxd6 20. Bxd6 Qxd6 21. Qd3 b5 22. Qd2 Nc6 23. Ne5 Qb4 24. Red1 Nxe5 25. dxe5 Red8 26. Qd3 {[%cal Rc3d5]} Qf4 27. Qe3 Qb4 28. Ne2 Rxc1 29. Rxc1 d4 $36 {[%mdl 2048] Black is more active.} 30. Qd3 Qa3 31. Qd2 d3 32. Nf4 $2 {[%mdl 8192] [#]} (32. Rd1 $11 {and White is okay.}) 32... Qxc1+ $3 $19 {[%mdl 512]} 33. Qxc1 d2 34. Qd1 {Threatens to win with g4.} Bf5 35. e6 fxe6 36. Kh2 Bc2 37. Qxc2 d1=Q {[%mdl 4096] Endgame KQR-KQN} 38. Qg6 Qd6 39. g3 Rf8 40. Kg1 Rf6 41. Qe8+ $2 (41. Qe4) 41... Kh7 42. Qa8 Qd1+ 43. Kg2 Qd4 {Strongly threatening ...e5.} 44. Qc6 Qe5 45. Qc2+ Qf5 46. Qe2 Rf8 47. h4 (47. Nxe6 {keeps fighting.} Rc8 48. Nf4) 47... e5 48. Nd5 e4 {Black is clearly winning.} 49. Nf4 (49. Ne3 $142 Qf3+ 50. Qxf3 Rxf3 51. h5) 49... g5 50. hxg5 hxg5 {Accuracy: White = 54%, Black = 77%.} 0-1

[Event "52nd Iran-ch Men Final 2019"]
[Site "Bushehr"]
[Date "2019.01.30"]
[Round "7"]
[White "Ghaem Maghami, Ehsan"]
[Black "Daghli, Arash"]
[Result "1-0"]
[WhiteElo "2533"]
[BlackElo "2366"]
[Annotator "TA"]
[PlyCount "111"]
[EventDate "2019.01.24"]
[EventType "tourn"]
[EventCountry "IRI"]
[SourceTitle "playchess.com"]
[Source "ChessBase"]
[SourceQuality "1"]

{[%evp 20,111,21,35,43,21,27,10,65,50,44,48,56,49,52,13,46,43,68,44,51,64,62,44,51,46,53,56,62,60,71,64,69,89,127,115,108,95,95,108,91,77,89,90,85,5,162,162,162,162,213,254,237,108,242,176,1239,1178,1001,1012,1008,831,812,638,535,322,275,258,1914,1715,1085,399,1832,383,345,345,29954,29960,29972,29972,29973,29973,29973,29972,29977,29976,29976,29977,29977,29978,29977,29978,29952,29954]} 1. d4 Nf6 2. Nf3 $146 (2. c4 g6 {½-½ (15) Ding,L (2777)-Vachier Lagrave,M (2789) Riadh 2017}) ({Predecessor:} 2. c4 c5 3. d5 e6 4. Nc3 exd5 5. cxd5 d6 6. Nf3 g6 7. g3 Bg7 8. Bg2 O-O {1-0 (49) Khaje Hesamedini,A (2224)-Petrenko,W (2038) Rio de Janeiro 2015}) 2... g6 3. c4 Bg7 4. g3 O-O 5. Bg2 d6 (5... c5 6. d5 d6 {½-½ (15) Ding,L (2777)-Vachier Lagrave,M (2789) Riadh 2017}) 6. Nc3 c5 7. d5 e6 8. O-O exd5 9. cxd5 Re8 (9... a6 10. a4 Re8 {½-½ (15) Ding,L (2777)-Vachier Lagrave,M (2789) Riadh 2017}) 10. Bf4 a6 11. a4 Bf5 {A62: Modern Benoni: Fianchetto Variation without early ...Nbd7} 12. Re1 (12. Nh4 Bc8 {½-½ (15) Ding,L (2777)-Vachier Lagrave,M (2789) Riadh 2017}) ({Predecessor:} 12. Qb3 Qc7 13. Rfe1 {1-0 (49) Khaje Hesamedini,A (2224)-Petrenko,W (2038) Rio de Janeiro 2015}) 12... Ne4 13. Qb3 Qc7 (13... Nd7 $11) 14. Nh4 Nxc3 $1 15. bxc3 Bc8 16. Nf3 Nd7 17. e4 Rb8 (17... c4 $5 {[%cal Rc4b3]} 18. Qa3 Nc5 $11) ({Predecessor:} 17... Ne5 18. Nxe5 Bxe5 19. Bxe5 Rxe5 {1-0 (49) Khaje Hesamedini,A (2224)-Petrenko,W (2038) Rio de Janeiro 2015}) 18. Bf1 Ne5 19. Nxe5 Bxe5 20. Bxe5 Rxe5 21. Rab1 b6 22. Bd3 Re8 23. h4 Qe7 24. Re3 Qf6 25. Qc2 h6 26. Qe2 b5 27. axb5 axb5 28. Rxb5 Bd7 29. Rxb8 Rxb8 30. Qd2 g5 31. hxg5 hxg5 32. Qe1 (32. e5 $16 dxe5 33. Re1) 32... Ra8 $2 (32... Kg7 $11 {and Black is okay.}) 33. e5 $36 {[%mdl 2048] White has strong initiative.} dxe5 34. Rxe5 Bg4 (34... Ra1 {might work better.} 35. Re8+ (35. Qxa1 Qxe5 36. Bc4 Qe4 $16) 35... Bxe8 36. Qxa1 Qe5) 35. Re8+ Rxe8 36. Qxe8+ Kg7 37. Qe3 Qxc3 $2 (37... Bf3) 38. Qxg5+ {[%mdl 64] Double Attack} Kf8 39. Qxg4 Qxd3 {[%mdl 4096] Endgame KQ-KQ} 40. Qc8+ {[%mdl 64] Double Attack} Kg7 41. Qxc5 Qb1+ 42. Kg2 Qe4+ {[#]} 43. Kf1 $1 Qb1+ $2 (43... Kf6 44. Kg1 Qb1+ 45. Kg2 Qe4+ 46. f3 Qe2+ 47. Qf2 Qd3 48. Qb2+ Ke7 49. Qe5+ Kd7) 44. Ke2 Qb2+ 45. Kf3 $2 (45. Kd3 Qb1+ 46. Kc4) 45... Qb3+ $2 (45... Qe5 46. g4 Kg8) 46. Kg2 $2 (46. Kf4 Qa4+ 47. Ke3 Qe8+ 48. Kd3) 46... Qd3 47. g4 Kf6 $2 (47... Qe4+ $18 48. Kg3 Qe5+ 49. Kf3 Kg8) 48. Qd6+ {White mates.} Kg5 49. Qe5+ Kxg4 50. Qg7+ Kh4 {[#]} 51. Qf6+ $1 ({Inferior is} 51. Qg3+ Qxg3+ 52. fxg3+ Kg5 $11) 51... Kg4 52. f3+ Kh5 53. Qxf7+ Kg5 54. Qg7+ Kh5 55. Qe5+ Kh6 56. d6 {Accuracy: White = 74%, Black = 45%.} 1-0

[Event "52nd Iran-ch Men Final 2019"]
[Site "Bushehr"]
[Date "2019.01.30"]
[Round "7"]
[White "Pourramezanali, Amirreza"]
[Black "Gholami, Aryan"]
[Result "1-0"]
[WhiteElo "2528"]
[BlackElo "2488"]
[Annotator "TA"]
[PlyCount "93"]
[EventDate "2019.01.24"]
[EventType "tourn"]
[EventCountry "IRI"]
[SourceTitle "playchess.com"]
[Source "ChessBase"]
[SourceQuality "1"]

{[%evp 11,93,29,24,0,0,-15,39,23,44,28,62,68,62,69,65,63,151,163,158,129,125,119,171,192,207,198,198,179,277,260,271,268,246,179,256,265,262,258,220,182,469,471,466,468,463,452,434,243,256,242,252,249,255,247,250,250,281,280,272,296,420,285,286,263,560,558,683,670,853,850,847,824,849,850,29987,29988,29989,29990,29990,29980,29980,29981,29981,29981]} 1. e4 c6 2. d4 d5 3. e5 Bf5 4. Nf3 e6 5. Be2 c5 6. Be3 Qb6 7. c4 {B12: Caro-Kann: Advance Variation} (7. Nc3 Nc6 8. Na4 Qa5+ 9. c3 cxd4 10. Nxd4 Nxd4 11. Bxd4 Ne7 12. O-O Nc6 13. b4 Qc7 14. Rc1 Be7 15. g4 Be4 {1-0 (28) Giri,A (2777)-Navara,D (2745) Shamkir 2018}) 7... Qxb2 8. Nbd2 Nc6 (8... Ne7 $1 $11) 9. cxd5 $14 {White is slightly better.} exd5 {[%cal Rc5d4]} 10. dxc5 Bc2 $146 ({Much weaker is} 10... Nxe5 $6 11. Nxe5 Qxe5 12. Bb5+ Kd8 13. Nc4 $16) ({Predecessor:} 10... d4 11. Nc4 Qb4+ 12. Bd2 Qxc5 13. Qb3 d3 14. Bxd3 Bxd3 15. Qxd3 {1-0 (28) Bodnaruk,A (2394)-Voit,D (2307) Tyumen 2012}) 11. Qc1 Qxc1+ $1 12. Rxc1 Bg6 13. Bb5 O-O-O {[#]} ({Black should play} 13... a6 $14 14. Ba4 Nge7) 14. Bxc6 $1 $16 bxc6 15. Nd4 Ne7 16. O-O Kd7 (16... Kc7 $16) 17. N2f3 Bf5 18. Rc3 Rb8 19. Rb3 Rxb3 (19... Kc8 $142 20. Rxb8+ Kxb8) 20. axb3 $18 Kc8 21. Ra1 Kb7 22. b4 Bg6 (22... f6 $142 23. Nb3 Bd7 24. Na5+ Kc8) 23. e6 f6 24. b5 cxb5 25. Nxb5 Nc8 $2 {[#]} (25... Nc6 26. Nd6+ Bxd6 27. cxd6 Bf5) 26. c6+ $1 {[%mdl 576] Decoy} Kxc6 {[#]} 27. Rc1+ $1 Kb7 28. Rc7+ Kb8 29. Bf4 (29. Rd7 $142) 29... Bd6 30. Nxd6 Kxc7 31. Nf7+ {[%mdl 64] Discovered Attack} Kc6 {Strongly threatening ...Bxf7.} 32. Nxh8 Be8 33. Nf7 a5 34. Nd4+ Kc5 35. Nf5 a4 (35... d4 $142 36. Nxg7 Bb5) 36. Bc1 d4 {and the idea ...g6 leaves Black hopeful.} 37. Kf1 d3 $2 (37... g6 {was necessary.}) 38. Ke1 g6 {[#]} 39. N5d6 $1 {[%mdl 512]} Nxd6 {[%mdl 4096] Endgame KBN-KBN} 40. Ba3+ Kc4 41. Nxd6+ Kb3 42. Kd2 ({Wrong is} 42. Nxe8 $2 Kc2 $19) 42... Kxa3 43. Nxe8 {White mates.} Kb3 44. e7 a3 45. Nxf6 a2 46. e8=Q a1=Q 47. Qb5+ {Accuracy: White = 86%, Black = 42%.} 1-0

[Event "52nd Iran-ch Men Final 2019"]
[Site "Bushehr"]
[Date "2019.01.30"]
[Round "7"]
[White "Mosadeghpour, Masoud"]
[Black "Tahbaz, Arash"]
[Result "0-1"]
[WhiteElo "2517"]
[BlackElo "2468"]
[Annotator "TA RC"]
[PlyCount "87"]
[EventDate "2019.01.24"]
[EventType "tourn"]
[EventCountry "IRI"]
[SourceTitle "playchess.com"]
[Source "ChessBase"]
[SourceQuality "1"]

{[%evp 17,87,17,17,17,17,17,17,10,0,0,7,0,4,0,17,3,9,17,16,0,91,77,99,67,70,79,89,72,75,77,66,41,37,45,43,52,32,51,20,-29,-14,-44,-32,-53,-44,-59,-51,-70,-75,-90,-66,-62,-62,-91,-95,-72,-85,-75,-87,-77,0,-6,-7,-1259,-1278,-1269,-1081,-813,-799,-780,-766,-733]} 1. e4 e5 2. Nf3 Nc6 3. Bb5 a6 4. Ba4 Nf6 5. O-O b5 (5... Be7 6. d3 b5 7. Bb3 O-O 8. Nc3 {½-½ (29) Sadzikowski,D (2551)-Efimenko,Z (2661) Abu Dhabi 2016}) 6. Bb3 Bb7 7. d3 Be7 8. Nc3 {[%cal Bb1c3,Bc3e2,Be2g3][%mdl 32]} O-O 9. Bd2 d6 10. Ne2 {C84: Closed Ruy Lopez: Unusual White 6th moves} (10. Nd5 Nxd5 11. Bxd5 Qc8 12. a4 Nd8 13. Bxb7 Qxb7 14. b4 Ne6 15. Qb1 d5 16. exd5 Qxd5 17. Qa2 Qxa2 18. Rxa2 f6 19. Rfa1 {½-½ (29) Sadzikowski,D (2551)-Efimenko,Z (2661) Abu Dhabi 2016}) 10... Qd7 11. Ng3 Nd8 12. a4 {The position is equal.} Ne6 13. c3 $146 ({Predecessor:} 13. Nf5 c5 14. Bxe6 fxe6 15. Nxe7+ Qxe7 16. Re1 b4 17. Bg5 Qc7 {½-½ (25) Gunkel,W (2314)-Booij,R (2367) ICCF email 2012}) 13... c5 14. Re1 Rfe8 15. Bc2 Bd8 16. Be3 Ng4 17. Bc1 Bc7 18. Nh5 {Hoping for Nh4.} Qd8 (18... Qe7 $11 {keeps the balance.}) 19. Ng5 $1 $16 Nf6 20. axb5 axb5 21. Rxa8 Bxa8 22. Nxe6 fxe6 23. Bg5 Qe7 24. Qf3 {[%cal Rg5f6]} Bd8 $1 25. Ra1 Bc6 26. Bxf6 gxf6 27. Ra6 Bb7 $1 {[%cal Rb7a6]} 28. Qg4+ Kh8 29. Rxd6 Bc8 $1 30. Rc6 Rg8 31. Qh3 Qd7 32. Rxc8 $1 ({Don't blunder} 32. Rxc5 $2 Qa7 $19) 32... Qxc8 33. g3 c4 34. Qf1 Rf8 35. dxc4 bxc4 36. Qe2 Bb6 37. b3 cxb3 38. Bxb3 f5 (38... Qd7 $17 {Threatens to win with ...f5.} 39. Bc4 Bc5) 39. exf5 $1 $11 Rxf5 40. g4 $2 {[%mdl 8192] [#]} (40. Bc2 $11 e4 41. Nf4) 40... Rxf2 $19 {Black is clearly winning.} 41. Qxe5+ Rf6+ $1 42. Kg2 Qc6+ 43. Kh3 Qf3+ 44. Ng3 {Accuracy: White = 64%, Black = 80%.} 0-1

[Event "52nd Iran-ch Men Final 2019"]
[Site "Bushehr"]
[Date "2019.01.30"]
[Round "7"]
[White "Darini, Pouria"]
[Black "Idani, Pouya"]
[Result "1/2-1/2"]
[WhiteElo "2475"]
[BlackElo "2611"]
[Annotator "TA"]
[PlyCount "64"]
[EventDate "2019.01.24"]
[EventType "tourn"]
[EventCountry "IRI"]
[SourceTitle "playchess.com"]
[Source "ChessBase"]
[SourceQuality "1"]

{[%evp 11,64,-1,4,-3,26,47,76,90,90,90,90,90,90,87,92,92,83,92,80,89,89,83,84,78,84,73,75,66,75,63,58,45,75,46,53,57,51,55,55,56,63,56,63,59,43,32,47,0,0,0,0,-11,-13,-14,-19]} 1. e4 c5 2. Nc3 d6 3. f4 g6 $146 ({Predecessor:} 3... Nc6 4. Nf3 g6 5. Bc4 {1-0 (24) Grischuk,A (2750)-Vachier Lagrave,M (2795) chess.com INT 2017}) 4. Nf3 Bg7 5. Bc4 Nc6 6. O-O e6 7. d4 {B23: Closed Sicilian: Lines without g3} Nxd4 (7... cxd4 {looks sharper.} 8. Nb5 Nge7 9. Bb3 O-O 10. Nbxd4 Na5) 8. Be3 {[%cal Rf3d4]} Bd7 ({Predecessor:} 8... Nxf3+ 9. Qxf3 Ne7 10. Rad1 O-O 11. Bxc5 Qc7 12. Bxd6 Qxc4 13. Bxe7 Re8 14. e5 Rxe7 {1-0 (24) Grischuk,A (2750)-Vachier Lagrave,M (2795) chess.com INT 2017}) 9. Nxd4 {White is better.} cxd4 10. Bxd4 Bxd4+ 11. Qxd4 {[%mdl 64] [#] Double Attack} Qb6 12. Rad1 Ke7 13. Qxb6 axb6 14. Rd4 Bc6 15. Rfd1 Nf6 16. Rxd6 b5 17. Bxb5 {Strongly threatening e5.} Nxe4 18. Nxe4 Bxe4 19. Rd7+ Kf6 20. R1d4 Bxc2 21. Rc4 Bb1 22. Rcc7 {[%csl Gc7][%cal Rd7f7]} ({Reject} 22. Rxb7 $6 Bxa2 23. Rcc7 e5 $11) 22... Rhf8 23. a4 Be4 24. b4 Rad8 25. a5 Rxd7 26. Bxd7 $14 {[%mdl 4096] Endgame Bc8 is the strong threat. KRB-KRB} Ke7 {aiming for ...Kd6.} 27. Bb5+ Kd8 $1 {[%cal Rd8c7]} 28. Rd7+ Kc8 29. g4 Bd5 {The position is equal.} 30. Ba4 Bb3 31. a6 bxa6 ({Stronger than} 31... Bxa4 {[#]} 32. Rxf7 $1 {[%mdl 512]} Rxf7 33. a7 $16) 32. Ra7 {Hoping for Ra8+.} Kb8 {Accuracy: White = 57%, Black = 86%.} 1/2-1/2

[Event "52nd Iran-ch Men Final 2019"]
[Site "Bushehr"]
[Date "2019.01.30"]
[Round "7"]
[White "Khodashenas, Mersad"]
[Black "Firouzja, Alireza"]
[Result "1/2-1/2"]
[WhiteElo "2455"]
[BlackElo "2618"]
[Annotator "TA"]
[PlyCount "133"]
[EventDate "2019.01.24"]
[EventType "tourn"]
[EventCountry "IRI"]
[SourceTitle "playchess.com"]
[Source "ChessBase"]
[SourceQuality "1"]

{[%evp 9,133,14,15,13,17,6,22,6,0,4,6,-36,0,0,31,29,29,32,48,34,35,51,47,0,0,1,64,39,60,52,48,0,0,0,0,0,25,18,30,29,34,22,72,79,90,0,0,-4,-4,-49,-50,-43,-40,-42,-2,-5,13,13,29,25,30,30,30,35,59,59,59,59,60,55,55,57,69,58,58,57,78,80,72,0,79,74,95,75,75,75,74,75,75,74,117,66,66,58,55,55,58,31,32,32,32,29,29,27,27,27,35,38,48,48,46,45,55,27,23,8,12,12,12,12,21,0,0,0,0,0]} 1. e4 c5 2. Nf3 d6 3. d4 cxd4 4. Qxd4 Nc6 5. Qe3 g6 $146 (5... Nf6 6. Be2 g6 7. O-O {1-0 (44) Harikrishna,P (2725)-Sarana,A (2618) St Petersburg 2018}) ({Predecessor:} 5... Nf6 6. c4 g6 7. h3 Bg7 8. Be2 O-O 9. O-O Nd7 10. Nc3 Nc5 {0-1 (41) Petkovic,R (2253)-Cica,D (2152) Novi Sad 2014}) 6. Be2 {B53: Sicilian: 2...d6: Lines with Qxd4} Bg7 7. O-O Nf6 8. h3 (8. Rd1 O-O {1-0 (44) Harikrishna,P (2725)-Sarana,A (2618) St Petersburg 2018}) 8... O-O 9. Rd1 Nd7 (9... Be6 10. Nc3 Nd7 11. Nd5 Nc5 12. c3 Rc8 {1-0 (44) Harikrishna,P (2725)-Sarana,A (2618) St Petersburg 2018}) 10. c4 Nc5 11. Nc3 f5 12. exf5 gxf5 ({Predecessor:} 12... Bxf5) 13. Qg5 f4 14. Nd5 ({But not} 14. Bxf4 $2 Ne6 $19) 14... e5 15. Qxd8 $1 Rxd8 16. Nh4 Nd4 17. Bg4 Kf7 (17... Be6 $11) 18. Bh5+ Kf8 19. b3 b5 20. Bb2 bxc4 21. bxc4 Rb8 22. Bc3 Be6 23. Rac1 Bxd5 24. cxd5 Bf6 25. Bxd4 {[%mdl 64] [#] Discovered Attack} exd4 26. Nf5 Rb2 27. Nxd6 (27. Nxd4 $16 Bh4 28. Rf1) 27... Bh4 $11 28. g3 fxg3 29. Rxd4 {[#] And now Rf4+ would win.} gxf2+ 30. Kf1 Rxd6 31. Rxc5 Rb1+ 32. Bd1 $1 $132 {[%mdl 2048] White puts up resistance} Bd8 33. Rc2 $1 ({Reject} 33. Rc8 Ke7 $17) 33... Bb6 34. Rxf2+ Ke7 35. Re4+ Kd8 36. Rf8+ Kd7 37. Re1 Kc7 38. Rf7+ Kd8 39. Bf3 Rxe1+ 40. Kxe1 $14 {[%mdl 4096] Endgame KRB-KRB} h6 41. Ke2 Bc5 42. Kd3 Rd7 43. Rf6 Rd6 44. Rf7 Rd7 45. Rf5 Be7 46. Rf4 Rd6 47. Ra4 Rf6 48. Bg4 Bc5 49. Rc4 Bb6 50. Ke4 (50. Rc8+ $16 Ke7 51. Ke4) 50... Bc7 $1 51. Rc2 Rf4+ 52. Ke3 {Hoping for Rxc7!} Rb4 53. Be6 Bf4+ 54. Kf3 Ke7 55. Kg4 Kf6 56. Rf2 Ke5 {Strongly threatening ...Be3+.} 57. Kh5 Bg5 58. Kg6 Rd4 59. Re2+ Re4 60. Rc2 Rd4 61. Bf7 Rd2 62. Rc5 Rg2 {The position is equal.} 63. Rc6 Rxa2 64. Re6+ Kf4 65. Re8 Ra3 66. Be6 {White wants to play d6.} Ke5 67. Bf7+ {Accuracy: White = 58%, Black = 61%.} 1/2-1/2

[Event "52nd Iran-ch Men Final 2019"]
[Site "Bushehr"]
[Date "2019.01.30"]
[Round "7"]
[White "Moradi, Amirmasoud"]
[Black "Gholami Orimi, Mahdi"]
[Result "0-1"]
[WhiteElo "2321"]
[BlackElo "2377"]
[Annotator "NA"]
[PlyCount "90"]
[EventDate "2019.01.24"]
[EventType "tourn"]
[EventCountry "IRI"]
[SourceTitle "playchess.com"]
[Source "ChessBase"]
[SourceQuality "1"]
[TimeControl "40/5400+30:1800+30"]

1. e4 {[%emt 0:01:13]} e5 {[%emt 0:00:00]} 2. Nf3 {[%emt 0:00:37]} Nc6 {[%emt 0:00:00]} 3. Bb5 {[%emt 0:02:14]} a6 {[%emt 0:00:09]} 4. Ba4 {[%emt 0:00:01]} Nf6 {[%emt 0:00:08]} 5. d4 {[%emt 0:04:47]} exd4 {[%emt 0:01:20]} 6. O-O {[%emt 0:00:20]} Be7 {[%emt 0:00:26]} 7. Re1 {[%emt 0:00:48]} b5 {[%emt 0:01:41]} 8. Bb3 {[%emt 0:00:55]} d6 {[%emt 0:00:09]} 9. c3 {[%emt 0:01:38]} dxc3 {[%emt 0:09:55]} 10. Nxc3 {[%emt 0:00:02]} O-O {[%emt 0:01:07]} 11. h3 {[%emt 0:17:05]} Bb7 {[%emt 0:11:14]} 12. Bf4 {[%emt 0:07:50]} Na5 {[%emt 0:08:11]} 13. Bc2 {[%emt 0:00:07]} Nc4 {[%emt 0:04:16]} 14. b3 {[%emt 0:07:26]} Nb6 $15 {[%emt 0:00:38]} 15. a4 {[%emt 0:16:02]} b4 {[%emt 0:03:16]} 16. Nb1 {[%emt 0:01:23]} a5 {[%emt 0:01:36]} 17. Nd4 {[%emt 0:02:22]} Re8 {[%emt 0:00:59]} 18. Nf5 {[%emt 0:01:26]} Bf8 {[%emt 0:00:27]} 19. Nd2 {[%emt 0:00:16]} Nbd7 {[%emt 0:01:36]} 20. g4 {[%emt 0:13:21]} Nc5 {[%emt 0:02:15]} 21. Qf3 {[%emt 0:08:14]} Ne6 {[%emt 0:06:12]} 22. Rad1 {[%emt 0:02:56]} Qc8 {[%emt 0:07:22]} 23. Nc4 {[%emt 0:03:16]} Nc5 {[%emt 0:03:01]} 24. Ng3 {[%emt 0:02:11]} d5 {[%emt 0:02:13]} 25. exd5 {[%emt 0:01:43]} Rxe1+ {[%emt 0:01:59]} 26. Rxe1 {[%emt 0:00:01]} Bxd5 {[%emt 0:00:30]} 27. Qd1 {[%emt 0:00:15]} Bxc4 {[%emt 0:02:16]} 28. bxc4 {[%emt 0:00:17]} Rb8 {[%emt 0:01:19]} 29. g5 {[%emt 0:02:30]} Ne8 {[%emt 0:01:11]} 30. Nf5 {[%emt 0:00:52]} b3 {[%emt 0:01:41]} 31. Bb1 {[%emt 0:00:02]} Ne6 {[%emt 0:05:04]} 32. Nh6+ {[%emt 0:01:43]} gxh6 33. Qd3 Bg7 {[%emt 0:01:53]} 34. Qxh7+ {[%emt 0:00:03]} Kf8 {[%emt 0:00:08]} 35. gxh6 {[%emt 0:00:33]} Bc3 {[%emt 0:01:19]} 36. Qd3 {[%emt 0:00:55]} Bf6 {[%emt 0:02:29]} 37. Be5 {[%emt 0:01:19]} Qd8 {[%emt 0:01:05]} 38. Qf5 {[%emt 0:00:56]} Qd2 {[%emt 0:03:31]} 39. Re3 {[%emt 0:00:56]} Bxe5 {[%emt 0:00:33]} 40. h7 {[%emt 0:00:00]} Bg7 {[%emt 0:00:00]} 41. Rxe6 {[%emt 0:05:42]} Qd1+ {[%emt 0:16:30]} 42. Kg2 {[%emt 0:10:33]} Nd6 {[%emt 0:01:30]} 43. Qf4 {[%emt 0:01:32]} Qxb1 {[%emt 0:01:39]} 44. c5 {[%emt 0:09:01]} Nf5 {[%emt 0:19:20]} 45. Re5 {[%emt 0:04:52]} Bxe5 {[%emt 0:00:45]} 0-1